| 000 | 00954nam a22002057a 4500 | ||
|---|---|---|---|
| 999 |
_c59172 _d59172 |
||
| 003 | Ge_BSU | ||
| 005 | 20221201161807.0 | ||
| 008 | 221201s1980ge xxu||||| |||| 00| 0 geo d | ||
| 041 | _ageo | ||
| 080 | _a37.01 ს-97 | ||
| 100 |
_aსუხომლინსკი, ვასილ, ავტ. _916295 |
||
| 245 |
_aგულს ვუძღვნი ბავშვებს / _cვასილ სუხომლინსკი, მთარგმ. რ. ჩილაჩავა, რედ. ნ. ფავლენიშვილი |
||
| 264 |
_aთბილისი : _bგანათლება, _c1980. |
||
| 300 |
_a291 გვ. ; _b 22 სმ. |
||
| 653 | _aპედაგოგიკა. | ||
| 653 | _aბავშვთა აღზრდა. | ||
| 700 |
_aჩილაჩავა, რ _eმთარგმნელი _916296 |
||
| 700 |
_aფავლენიშვილი, ნ _eრედაქტორი _93115 |
||
| 942 |
_2udc _cBK |
||